List of trade unions in India 1956-57 (Record no. 420232)

000 -LEADER
fixed length control field 00384cam a22001097a 4500
008 - FIXED-LENGTH DATA ELEMENTS--GENERAL INFORMATION
fixed length control field 180718b1960 xxu||||| |||| 00| 0 eng d
082 ## - DEWEY DECIMAL CLASSIFICATION NUMBER
Classification number R8x54 1956-57
245 ## - TITLE STATEMENT
Title List of trade unions in India 1956-57
Statement of responsibility, etc. by Labour Bureau, Ministry of Labour & Employment
260 ## - PUBLICATION, DISTRIBUTION, ETC.
Place of publication, distribution, etc. Delhi
Name of publisher, distributor, etc. Government of India
Date of publication, distribution, etc. 1960
300 ## - PHYSICAL DESCRIPTION
Extent 204p
700 ## - ADDED ENTRY--PERSONAL NAME
Personal name India. Ministry of Labour & Employment, Labour Bureau
Holdings
Withdrawn status Lost status Damaged status Not for loan Permanent Location Current Location Date acquired Full call number Barcode Date last seen Price effective from Koha item type
        Indian Institute of Public Administration Indian Institute of Public Administration 2009-07-13 R8x54 1956-57 25264 2018-07-21 2018-07-21 Book

Powered by Koha